KOHA-Header-6

A Project Managers Partner :A Step -By-Step Guide To Project Management (Record no. 8340)

000 -LEADER
fixed length control field 00286nam a2200109Ia 4500
020 ## - INTERNATIONAL STANDARD BOOK NUMBER
ISBN 9781461065289
100 ## - MAIN ENTRY--AUTHOR NAME
Personal name Michael Greer
245 #2 - TITLE STATEMENT
Title A Project Managers Partner :A Step -By-Step Guide To Project Management
260 ## - PUBLICATION, DISTRIBUTION, ETC. (IMPRINT)
Place of publication New Delhi
Name of publisher McGraw Hill
Year of publication 2003
300 ## - PHYSICAL DESCRIPTION
Number of Pages 347
942 ## - ADDED ENTRY ELEMENTS (KOHA)
Koha item type Books
Holdings
Withdrawn status Lost status Collection code Permanent Location Current Location Shelving location Date acquired Full call number Accession Number Koha item type
    Management MAJU MAJU   2019-09-13 658.2 2994 Management

Powered by Koha